| 000 | 00633cam a22001814a 4500 | ||
|---|---|---|---|
| 005 | 20250605164206.0 | ||
| 008 | 250528s ||||||||||||||||||||||||d | ||
| 035 | _a20048 | ||
| 040 |
_aGR-AtMCL _bgre _dGR-AtMCL _eAACR2 |
||
| 245 | 1 | _aSwedish and International Arbitration 1983 | |
| 260 |
_bArbitration Institute of Stockholm, _c1983 |
||
| 300 | _a66 | ||
| 520 | _aThe Arbitration Institute of the Stockholm Chamber of Commerce, Soviet-American Contract Arbitration, A Survey of the Work of UNCITRAL in the Field of Dispute Settlement. | ||
| 700 | 1 |
_aRudholm Sten _96124 |
|
| 942 | _cBK | ||
| 999 |
_c5212 _d5212 |
||